书目信息 |
| 题名: |
事业管理与职业修养
|
|
| 作者: | 邹韬奋 著 | |
| 分册: | ||
| 出版信息: | 北京 三联书店 1982 |
|
| 页数: | 178页 | |
| 开本: | 19cm | |
| 丛书名: | ||
| 单 册: | ||
| 中图分类: | G231 | |
| 科图分类: | ||
| 主题词: | 出版工作-职业道德 , 职业道德-出版工作 , 出版工作--管理 | |
| 电子资源: | ||
| ISBN: | ||
| 000 | 00660nam0 2200253 45 | |
| 001 | 0182003286 | |
| 005 | 20060803150249.32 | |
| 010 | @dCNY0.58 | |
| 091 | @aCN@b7002.28 | |
| 100 | @a19950615d1982 em y0chiy0121 ea | |
| 101 | 0 | @achi |
| 102 | @aCN@b110000 | |
| 105 | @ay z 000yy | |
| 200 | 10 | @a事业管理与职业修养@Ashi ye guan li yu zhi ye xiu yang@f邹韬奋著 |
| 210 | @a北京@c三联书店@d1982 | |
| 215 | @a178页@d19cm | |
| 606 | @a出版工作-职业道德 | |
| 606 | @a职业道德-出版工作 | |
| 606 | @a出版工作@x管理 | |
| 690 | @aG231@v3 | |
| 701 | 0 | @a邹韬奋@Azou tao fen@4著 |
| 801 | 2 | @aCN@bNLC@c20060803 |
| 801 | 0 | @aCN@bTSSF |
| 905 | @a10447@dG231@e34 | |
| 事业管理与职业修养/邹韬奋著.-北京:三联书店,1982 |
| 178页;19cm |
| ISBN :CNY0.58 |
| ● |
| 相关链接 |
|
|
|
|
正题名:事业管理与职业修养
索取号:G231/34
 
预约/预借
| 序号 | 登录号 | 条形码 | 馆藏地/架位号 | 状态 | 备注 |
| 1 | 0446619 | 204466194 | 密集书库/ [索取号:G231/34] | 在馆 | |
| 2 | 0446620 | 204466201 | 密集书库/ [索取号:G231/34] | 在馆 |